Statistics for Pocket Calculator Speed Test #1

Click here to take the quiz!

General Stats

  • This quiz has been taken 304 times
  • The average score is 7 of 16

Answer Stats

HintAnswer% Correct
1 + 12
99%
Previous * 1326
89%
Previous + 5783
84%
1328 / Previous16
75%
Previous * 1392,224
66%
Previous - 9991,225
65%
Answer 3 * (Previous + 643)155,044
37%
Previous / 277,522
37%
(Previous + Previous - Previous) * Previous6,009,660,484
31%
0,5 * (Previous - Answer 1)3,004,830,241
22%
((Previous - 1) / 10) - 584,584299,898,440
19%
Previous - ((13 * 75 * 321 * 117) + 81,013,927)182,266,438
13%
(Previous / 2) - 90,109,0191,024,200
12%
Previous - 14,0991,010,101
10%
Previous * 111112,121,211
10%
What is Previous called ?Palindromic number
5%

Score Distribution

Percentile by Number Answered

Percent of People with Each Score

Your Score History

You have not taken this quiz